Statistiche per Quiz sul Panda

Clicka qui per fare il quiz!

Statistiche generali

  • Questo quiz è stato fatto 17 volte
  • Il punteggio medio è 7 su 14

Statistiche sulle risposte

DomandeRisposte% Corretto
Di cosa si nutre principalmente?Bambù
100%
Di quale paese è originario?Cina
100%
In quale serie di film della Dreamworks il protagonista è un panda gigante di nome Po?Kung Fu Panda
89%
Di quale organizzazione internazionale è simbolo?WWF
89%
Come viene chiamato il panda in foto?Panda gigante
78%
Quanto mesi dura il periodo di gravidanza?Quattro
78%
In quanti mesi si completa lo svezzamento?Nove
56%
Si tratta di un mammifero appartenente a quale famiglia?Ursidi
44%
Qual è il suo nome scientifico?Ailuropoda melanoleuca
22%
In quale celebre videogioco della Mojang è stato aggiunto a causa del fatto che fosse una specie a rischio estinzione?Minecraft
22%
Quale parte del corpo si muove durante la masticazione?Orecchie
22%
Da quale termine deriva la parola "Panda"?Ponya
22%
In quale serie televisiva della Marvel prodotta nel 1982 tre panda antropomorfi aiutano i due umani protagonisti ad ostacolare il piano del malvagio Mondraggor?Pandamonium
11%
In quali regioni montuose vive?Sichuan
0%

Distribuzione punteggi

Percentile per numero di risposta

Percentuale di utenti per punteggio

I tuoi punteggi nel tempo

Non hai fatto questo quiz